TEOLOGIA MORAL EN CAMINO/

TRADUCCION DE: STUDIA MORALIA

Guardado en:
Detalles Bibliográficos
Autor principal: Häring, Bernhard (autor)
Formato: Libro
Colección:ANTROPOLOGIA Y MORAL CRISTIANA 1
Etiquetas: Agrega una etiqueta
Sin etiquetas, Sé el primero en etiquetar este registro!

MARC

LEADER 00000nam^a2200000^a^4500
001 000206839
005 20250521000000.0
009 20260310103201.156
035 |a 033478 
037 |a Acervo Xavier Clavigero 
082 |a 252. 1  |b HAR 
100 |a Häring, Bernhard  |e (autor) 
245 1 0 |a TEOLOGIA MORAL EN CAMINO/  |c B. HARING 
264 |a MADRID :  |b El Perpetuo Socorro,  |c 1969 
300 |a 110p. 
336 |a texto  |b txt  |2 rdacontenido 
337 |a sin mediación  |b n  |2 rdamedio 
338 |a volumen  |b nc  |2 rdasoporte 
440 |a ANTROPOLOGIA Y MORAL CRISTIANA 1 
520 |a TRADUCCION DE: STUDIA MORALIA 
649 |a XX 
910 |a Fondo General 
920 |a Impresos - Libros 
930 |a Colección General 
905 |a 101 
901 |a 033478  |b IT1  |c ACC  |i 033478  |u 20250521 
902 |a https://opac.biblio.iteso.mx/vufind/Record/000206839